000 00986cab a22002055a 4500
001 L140502
008 070926e20070921xxk f 000 0 eng d
035 _a(Sirsi) u140502
041 0 _aeng
100 1 _aHandley, Lucy
245 0 0 _aContractors' salaries
_bLondon is for losers
260 _c2007
490 0 _aBuilding
_v272(8498) 21 September 2007, 38-41(4)
520 _aDiscusses results from the 2007 "Hays Construction/"Building" contractors' salaries guide", which reveals that the north-south divide in construction salary levels has almost disappeared. Salary tables show average pay for quantity surveyors, estimators, contract/project managers, planners, site agents/foremen, health and safety workers, engineers, and buyers. Salaries are broken down by UK region.
590 _aKA
650 2 4 _aHAYS CONSTRUCTION/BUILDING CONTRACTORS' SALARIES GUIDE
651 4 _aUnited Kingdom
_y
690 _aCAREERS, EDUCATION AND TRAINING-SURVEYING APPOINTMENTS
942 _n0
999 _c79289
_d79289